000 01203cad a22002055a 4500
001 L154588
008 120103s2011 xxk f 000 0 eng d
035 _a(Sirsi) u154588
041 0 _aeng
110 2 _aInternational Valuation Standards Council
_95828
245 0 2 _aA competency framework for professional valuers
_bexposure draft
_h[electronic resource]
260 _aLondon
_bIVSC
_c2011
505 2 _aIntroduction to exposure draft -- Questions for respondents -- Exposure draft: a competency framework
520 _aThis paper has been produced to set out the common characteristics and competences of a professional valuer. It is in the public interest that those who commission and rely on valuations are aware of the qualities that any professional valuer should possess. It also intends to enhance the general understanding of the attributes of professional valuers by a wide range of stakeholders. Comments on this exposure draft are invited before 28 February 2012.
590 _aNTK KA
651 4 _aInternational
690 _aPROPERTY-PROPERTY APPRAISAL AND VALUATION
856 4 0 _uhttps://www.ivsc.org/pubs/index.html
_zView the code free of charge at www.ivsc.org
942 _n0
999 _c113049
_d113049